[Event "SUI-chT Geneve-Bodan"]
[Site "?"]
[Date "2009.06.14"]
[Round "5.6"]
[White "Kovacevic, Vladimir"]
[Black "Fischer, Andre"]
[Result "0-1"]
[WhiteElo "2218"]
[BlackElo "2226"]
[PlyCount "134"]
[EventDate "2009.06.14"]
[SourceDate "2001.01.01"]

1. d4 Nf6 2. Bg5 e6 3. c3 b6 4. Nd2 Bb7 5. Qc2 c5 6. e3 cxd4 7. exd4 Be7 8.
Ngf3 h6 9. Bh4 Nc6 10. Be2 O-O 11. O-O Nd5 12. Bxe7 Qxe7 13. Rfe1 Rac8 14. Bf1
Nf6 15. a4 d6 16. Nc4 Qc7 17. Rac1 Rfe8 18. b4 Ne7 19. b5 Bxf3 20. gxf3 Nfd5
21. Qd2 Nf5 22. Ne3 Nh4 23. Bg2 Nf4 24. Bh1 d5 25. Kf1 Nh3 26. Ke2 Qxh2 27. Rf1
Qd6 28. Qa2 Nf4+ 29. Kd2 e5 30. Qb2 Qg6 31. Qb1 exd4 32. cxd4 Qxb1 33. Rxb1 Rc7
34. Rfc1 Rec8 35. Rxc7 Rxc7 36. a5 bxa5 37. Ra1 Kf8 38. Rxa5 Ke8 39. b6 axb6
40. Rb5 Ra7 41. Rxb6 Ra1 42. Nd1 Nf5 43. Rb4 Nd6 44. Kc2 Kd7 45. Rb1 Rxb1 46.
Kxb1 Nb5 47. Kc2 Ke6 48. Kd2 Nxd4 49. Ne3 Ke5 50. Ng4+ Kd6 51. Ne3 h5 52. Kc3
Ke5 53. Kd2 Nde6 54. Nd1 d4 55. Nb2 Kd5 56. Na4 Kc6 57. Nb2 Kc5 58. Na4+ Kb5
59. Nb2 Nc5 60. Kc2 Kb4 61. Nd1 Ncd3 62. Kd2 Kb3 63. Ne3 dxe3+ 64. fxe3 Nf2 65.
exf4 Nxh1 66. f5 Ng3 67. f6 g6 0-1

[Event "SUI-chT Bodan-Geneve"]
[Site "?"]
[Date "2009.06.14"]
[Round "5.7"]
[White "Monteforte-Fink, Klaus"]
[Black "Gerber, Richard"]
[Result "0-1"]
[WhiteElo "2075"]
[BlackElo "2357"]
[PlyCount "84"]
[EventDate "2009.06.14"]
[SourceDate "2001.01.01"]

1. d4 Nf6 2. Bg5 d6 3. e3 Nbd7 4. Nd2 h6 5. Bxf6 Nxf6 6. Bd3 e5 7. Ngf3 Qe7 8.
Ne4 Nxe4 9. Bxe4 c6 10. dxe5 dxe5 11. c3 g6 12. Qa4 Bd7 13. Qa5 f5 14. Bc2 e4
15. Qe5 Bg7 16. Qxe7+ Kxe7 17. Nd4 Rhd8 18. g4 Be5 19. O-O-O c5 20. Ne2 Be6 21.
gxf5 gxf5 22. Ng3 Rxd1+ 23. Bxd1 b5 24. f4 Bc7 25. Rg1 Bb6 26. Ne2 Bxa2 27. b3
c4 28. Kb2 Bxb3 29. Bxb3 cxb3 30. Nd4 Kf6 31. Kxb3 Bc5 32. h4 a5 33. h5 a4+ 34.
Kb2 Bxd4 35. exd4 Ke6 36. Rg6+ Kd5 37. Rf6 a3+ 38. Ka2 e3 39. Rxf5+ Kc4 40.
Rc5+ Kd3 41. Rxb5 Kxc3 42. d5 e2 0-1

[Event "SUI-chT Mendrisio-Riehen"]
[Site "?"]
[Date "2009.06.14"]
[Round "5.1"]
[White "Glek, Igor"]
[Black "Hickl, Joerg"]
[Result "0-1"]
[WhiteElo "2534"]
[BlackElo "2613"]
[PlyCount "136"]
[EventDate "2007.10.03"]
[SourceDate "2001.01.01"]

1. e4 d6 2. d4 Nf6 3. Nc3 e5 4. Nf3 exd4 5. Nxd4 Be7 6. g3 Nc6 7. Nde2 a5 8.
Bg2 O-O 9. O-O Re8 10. h3 Bf8 11. g4 Nd7 12. Be3 Rb8 13. Qd2 b6 14. Ng3 Nce5
15. b3 Nc5 16. Rad1 Bb7 17. Nd5 Ned7 18. Bg5 Qc8 19. Rfe1 c6 20. Nc3 b5 21. Nf5
b4 22. Nb1 Re6 23. Bf4 Ne5 24. Be3 Ned7 25. Bf4 Ne5 26. Bg3 Qc7 27. Re3 g6 28.
Nd4 Ree8 29. g5 Rbd8 30. Qe1 Qb6 31. f4 Ned7 32. Nd2 Qa7 33. Bf2 Qb8 34. Bg3
Bg7 35. N2f3 d5 36. e5 Ne4 37. Kh2 Ndc5 38. Ne2 Ba6 39. Nfd4 Qc7 40. c3 Qb6 41.
cxb4 axb4 42. Rc1 Rc8 43. Qd1 Bf8 44. Be1 Ne6 45. Rf3 Bc5 46. Nxe6 fxe6 47. Rc2
Rf8 48. Qc1 Rc7 49. Ng3 Nxg3 50. Bxg3 Bd4 51. h4 c5 52. Qd1 c4 53. Bh3 Rd8 54.
a3 bxa3 55. bxc4 Bb2 56. Qb1 Qb7 57. Rff2 Rxc4 58. Rxb2 axb2 59. Rxb2 Qc7 60.
Bg2 Rc3 61. Rd2 Bc4 62. Qb2 Rb3 63. Qd4 Qb6 64. Qa1 Qe3 65. Be1 Qxf4+ 66. Kg1
Rdb8 67. Rf2 Rb1 68. Qa5 Qxe5 0-1

[Event "SUI-chT Riehen-Mendrisio"]
[Site "?"]
[Date "2009.06.14"]
[Round "5.2"]
[White "Buss, Ralph"]
[Black "Bellini, Fabio"]
[Result "1/2-1/2"]
[WhiteElo "2361"]
[BlackElo "2480"]
[PlyCount "51"]
[EventDate "2007.10.03"]
[SourceDate "2001.01.01"]

1. d4 g6 2. e4 Bg7 3. c4 d6 4. Nc3 e5 5. dxe5 dxe5 6. Qxd8+ Kxd8 7. f4 Be6 8.
Nf3 Nd7 9. Ng5 h6 10. f5 hxg5 11. fxe6 fxe6 12. Bxg5+ Bf6 13. Be3 Bh4+ 14. Kd2
Ne7 15. Be2 Nc6 16. Raf1 Ke7 17. g3 Bf6 18. h4 Nd4 19. Bd1 Rhd8 20. Kc1 Nc5 21.
Kb1 Rf8 22. Rh2 Bg7 23. Bg5+ Bf6 24. Be3 Bg7 25. Bg5+ Bf6 26. Be3 1/2-1/2

[Event "SUI-chT Mendrisio-Riehen"]
[Site "?"]
[Date "2009.06.14"]
[Round "5.3"]
[White "Godena, Michele"]
[Black "Ekstroem, Roland"]
[Result "1/2-1/2"]
[WhiteElo "2548"]
[BlackElo "2516"]
[PlyCount "109"]
[EventDate "2007.10.03"]
[SourceDate "2001.01.01"]

1. e4 c5 2. Nf3 Nc6 3. c3 Nf6 4. e5 Nd5 5. Bc4 Nb6 6. Be2 g6 7. d4 cxd4 8. cxd4
Bg7 9. Bf4 d6 10. exd6 exd6 11. Nc3 O-O 12. O-O Bg4 13. h3 Bxf3 14. Bxf3 d5 15.
Be3 Rc8 16. Rc1 Qd6 17. b3 Rfd8 18. Qd2 a6 19. Rfd1 Ne7 20. Bg5 Re8 21. Qf4
Qxf4 22. Bxf4 Rc6 23. Kf1 Rec8 24. Ne2 Rxc1 25. Rxc1 Rxc1+ 26. Bxc1 Nf5 27. Bg4
Nxd4 28. Be3 Nxe2 29. Kxe2 d4 30. Bd2 Nd5 31. Bc8 b5 32. b4 Bf8 33. a3 a5 34.
bxa5 Bxa3 35. Bd7 Bc5 36. Bxb5 Nc3+ 37. Bxc3 dxc3 38. Ba4 Kf8 39. f3 Ke7 40.
Kd3 Kd6 41. Kxc3 f5 42. a6 h6 43. Bc2 Kc6 44. Bd3 Bf2 45. g4 fxg4 46. fxg4 Kb6
47. Kd2 h5 48. Ke2 Bh4 49. Kf3 Bd8 50. Kf4 hxg4 51. hxg4 g5+ 52. Kf5 Ka7 53.
Be2 Be7 54. Ke6 Bb4 55. Kf5 1/2-1/2

[Event "SUI-chT Riehen-Mendrisio"]
[Site "?"]
[Date "2009.06.14"]
[Round "5.4"]
[White "Brendel, Oliver"]
[Black "Aranovitch, Emiliano"]
[Result "1-0"]
[WhiteElo "2338"]
[BlackElo "2334"]
[PlyCount "51"]
[EventDate "2007.10.03"]
[SourceDate "2001.01.01"]

1. e4 c5 2. Nf3 e6 3. d4 cxd4 4. Nxd4 Nc6 5. Nc3 Qc7 6. Be3 a6 7. Qd2 Nf6 8.
O-O-O Bb4 9. f3 Ne5 10. Nb3 b5 11. Kb1 Rb8 12. Bf4 Be7 13. h4 d6 14. Bd3 b4 15.
Ne2 a5 16. h5 O-O 17. h6 g6 18. Bg5 a4 19. Nbc1 Ne8 20. Bxe7 Qxe7 21. Qf4 f5
22. exf5 Nxd3 23. Rxd3 Rxf5 24. Qd4 Rd5 25. Qh4 Qxh4 26. Rxh4 1-0

[Event "SUI-chT Mendrisio-Riehen"]
[Site "?"]
[Date "2009.06.14"]
[Round "5.5"]
[White "Sedina, Yelena"]
[Black "Aumann, Welf"]
[Result "1/2-1/2"]
[WhiteElo "2374"]
[BlackElo "2328"]
[PlyCount "102"]
[EventDate "2007.10.03"]
[SourceDate "2001.01.01"]

1. e4 e6 2. d4 d5 3. Nd2 Nc6 4. Ngf3 Nf6 5. e5 Nd7 6. Bd3 f6 7. exf6 Qxf6 8.
O-O Bd6 9. c4 O-O 10. Nb3 h6 11. Be3 dxc4 12. Bxc4 Nb6 13. Nbd2 Nxc4 14. Nxc4
Be7 15. Nfe5 Nb4 16. Qh5 Qf5 17. Qxf5 exf5 18. Ng6 Rf7 19. Nxe7+ Rxe7 20. Bf4
Be6 21. b3 Rd8 22. Be5 Nc6 23. f4 Nxd4 24. Rad1 Red7 25. Kf2 c5 26. Rfe1 Bxc4
27. bxc4 Nc6 28. Rxd7 Rxd7 29. Bc3 Rd3 30. Re3 Rxe3 31. Kxe3 Kf7 32. h3 g6 33.
g4 Ke6 34. Kf3 Nd4+ 35. Ke3 fxg4 36. hxg4 h5 37. f5+ Kf6 38. fxg6 hxg4 39. Kf4
Kxg6 40. Kxg4 Nf5 41. Kf4 Nd6 42. Ke5 Nxc4+ 43. Kd5 Nb6+ 44. Kxc5 Na4+ 45. Kb4
Nxc3 46. Kxc3 Kf6 47. Kd4 Ke6 48. Kc5 Kd7 49. a4 Kc7 50. a5 b6+ 51. axb6+ axb6+
1/2-1/2

[Event "SUI-chT Riehen-Mendrisio"]
[Site "?"]
[Date "2009.06.14"]
[Round "5.6"]
[White "Toth, Bela"]
[Black "Mantovani, Renzo"]
[Result "0-1"]
[WhiteElo "2311"]
[BlackElo "2386"]
[PlyCount "76"]
[EventDate "2007.10.03"]
[SourceDate "2001.01.01"]

1. d4 Nf6 2. c4 e6 3. Nc3 d5 4. cxd5 exd5 5. Bg5 Be7 6. e3 c6 7. Qc2 Nbd7 8.
Bd3 Nh5 9. Bxe7 Qxe7 10. Nge2 Ndf6 11. h3 g6 12. O-O-O Ng7 13. Ng3 Be6 14. Kb1
O-O-O 15. Rhe1 Kb8 16. f3 Qc7 17. Qf2 Rhe8 18. Ka1 Bc8 19. Rc1 Ka8 20. e4 dxe4
21. fxe4 Nfh5 22. Nge2 f5 23. exf5 Bxf5 24. Bxf5 gxf5 25. g4 fxg4 26. hxg4 Rf8
27. Qh4 Nf6 28. g5 Nf5 29. Qf4 Ne8 30. Rh1 Ned6 31. d5 c5 32. Qh2 Rd7 33. Nf4
Rff7 34. Ne6 Qa5 35. g6 Rfe7 36. Qe5 hxg6 37. Rh8+ Ne8 38. Rd1 a6 0-1

[Event "SUI-chT Mendrisio-Riehen"]
[Site "?"]
[Date "2009.06.14"]
[Round "5.7"]
[White "Salvetti, Alec"]
[Black "Kaenel, Hansjuerg"]
[Result "0-1"]
[WhiteElo "2271"]
[BlackElo "2328"]
[PlyCount "106"]
[EventDate "2007.10.03"]
[SourceDate "2001.01.01"]

1. d4 Nf6 2. Nf3 e6 3. c4 d5 4. Nc3 c6 5. cxd5 exd5 6. Bg5 Be7 7. Qc2 Nbd7 8.
e3 O-O 9. Bd3 Re8 10. O-O Nf8 11. h3 Ne4 12. Bf4 f5 13. Ne5 g6 14. f3 Ng5 15.
Bxg5 Bxg5 16. f4 Bf6 17. b4 Be6 18. Na4 Rc8 19. Nc5 Re7 20. a4 Kg7 21. Qc3 Rcc7
22. a5 Bxe5 23. fxe5 Bc8 24. a6 b6 25. Nb7 Bxb7 26. axb7 Qb8 27. g4 fxg4 28.
hxg4 Qxb7 29. Rf6 Qc8 30. Be2 Ne6 31. Qe1 Rf7 32. Qh4 Rxf6 33. Qxf6+ Kg8 34.
Rf1 Qe8 35. Bd3 Rf7 36. Qh4 Rxf1+ 37. Bxf1 Qf8 38. Bg2 Nc7 39. e4 a6 40. Qg5
Ne6 41. Qd2 Qf4 42. Qa2 Qxg4 43. exd5 cxd5 44. Qxa6 Nf4 45. Qa2 Kg7 46. Kh2 Ne2
47. Qa7+ Kh6 48. Qe7 Qg3+ 49. Kh1 Nf4 50. Bf1 Qf2 51. Qf8+ Kg5 52. Qf6+ Kg4 53.
Bh3+ Kxh3 0-1

[Event "SUI-chT Riehen-Mendrisio"]
[Site "?"]
[Date "2009.06.14"]
[Round "5.8"]
[White "Flueckiger, Christian"]
[Black "Patuzzo, Fabrizio"]
[Result "0-1"]
[WhiteElo "2294"]
[BlackElo "2260"]
[PlyCount "110"]
[EventDate "2007.10.03"]
[SourceDate "2001.01.01"]

1. e4 c6 2. c4 d5 3. exd5 cxd5 4. cxd5 Nf6 5. Qa4+ Nbd7 6. Nc3 g6 7. Nf3 Bg7 8.
Bc4 O-O 9. d3 a6 10. Qa3 b6 11. O-O Bb7 12. Re1 Re8 13. Ng5 Rc8 14. Be3 Ne5 15.
Rad1 h6 16. Nge4 Nxe4 17. Nxe4 Nxc4 18. dxc4 Rxc4 19. Qd3 Rb4 20. b3 Qxd5 21.
Qxd5 Bxd5 22. Nc5 bxc5 23. Rxd5 c4 24. Bc5 Rbb8 25. bxc4 e6 26. Rd6 Bf8 27. Rc6
Rec8 28. Rxc8 Rxc8 29. Bxf8 Kxf8 30. Rc1 Ke7 31. Kf1 Kd6 32. Rc3 Kc5 33. g4 Rd8
34. Rh3 Rd4 35. f3 Kxc4 36. Rxh6 Rd2 37. Rh7 f5 38. g5 Rxa2 39. h4 Kd4 40. Rg7
Ke3 41. Rxg6 e5 42. Re6 e4 43. fxe4 f4 44. Rf6 f3 45. Kg1 Rg2+ 46. Kh1 Rg4 47.
Kh2 a5 48. Kh3 Rg1 49. e5 f2 50. e6 f1=Q+ 51. Rxf1 Rxf1 52. Kg4 a4 53. g6 Rf8
54. h5 a3 55. e7 Ra8 0-1

[Event "SUI-chT Riehen-Reichenstein"]
[Site "?"]
[Date "2009.09.05"]
[Round "6.1"]
[White "Ekstroem, Roland"]
[Black "Hort, Vlastimil"]
[Result "1/2-1/2"]
[WhiteElo "2516"]
[BlackElo "2486"]
[PlyCount "32"]
[EventDate "2009.09.06"]
[SourceDate "2001.01.01"]

1. e4 c6 2. c4 e5 3. Nf3 d6 4. d4 Nd7 5. Nc3 Ngf6 6. Be2 Be7 7. O-O O-O 8. Re1
Re8 9. Bf1 a6 10. Rb1 b5 11. b4 Bb7 12. dxe5 Nxe5 13. Nxe5 dxe5 14. Qc2 Qc7 15.
a4 a5 16. axb5 axb4 1/2-1/2

[Event "SUI-chT Reichenstein-Riehen"]
[Site "?"]
[Date "2009.09.05"]
[Round "6.2"]
[White "Sokolov, Andrei"]
[Black "Hickl, Joerg"]
[Result "1/2-1/2"]
[WhiteElo "2562"]
[BlackElo "2613"]
[PlyCount "23"]
[EventDate "2009.09.06"]
[SourceDate "2001.01.01"]

1. e4 d6 2. d4 Nf6 3. Nc3 e5 4. dxe5 dxe5 5. Qxd8+ Kxd8 6. Bc4 Be6 7. Bxe6 fxe6
8. f3 Bd6 9. Be3 Ke7 10. O-O-O a6 11. Nh3 Nbd7 12. Nf2 1/2-1/2

[Event "SUI-chT Riehen-Reichenstein"]
[Site "?"]
[Date "2009.09.05"]
[Round "6.3"]
[White "Cvitan, Ognjen"]
[Black "Wirtensohn, Heinz"]
[Result "1-0"]
[WhiteElo "2511"]
[BlackElo "2396"]
[PlyCount "77"]
[EventDate "2009.09.06"]
[SourceDate "2001.01.01"]

1. c4 c5 2. Nc3 g6 3. g3 Bg7 4. Bg2 Nc6 5. a3 d6 6. Rb1 a5 7. Nf3 e5 8. d3 Nge7
9. O-O O-O 10. Bd2 Rb8 11. Ne1 Be6 12. Nc2 d5 13. cxd5 Nxd5 14. b4 axb4 15.
Nxd5 Bxd5 16. axb4 Bxg2 17. Kxg2 Qd5+ 18. Kg1 cxb4 19. Nxb4 Nxb4 20. Rxb4 Rfc8
21. Rb6 Rc6 22. Rxc6 Qxc6 23. Qb3 h5 24. Rc1 Qd7 25. h4 Rc8 26. Rb1 Qg4 27. Qd5
Rb8 28. Be3 Qa4 29. Rc1 Qe8 30. Rc7 b5 31. Bc5 Bf6 32. Bb4 Rd8 33. Qc6 Qxc6 34.
Rxc6 Kg7 35. Rc5 Rb8 36. Rd5 Rc8 37. Rxb5 Rc2 38. Kf1 Kh6 39. Bd6 1-0

[Event "SUI-chT Reichenstein-Riehen"]
[Site "?"]
[Date "2009.09.05"]
[Round "6.4"]
[White "Volke, Karsten"]
[Black "Brendel, Oliver"]
[Result "1-0"]
[WhiteElo "2462"]
[BlackElo "2338"]
[PlyCount "69"]
[EventDate "2009.09.06"]
[SourceDate "2001.01.01"]

1. d4 Nf6 2. c4 g6 3. Nc3 d5 4. Nf3 Bg7 5. Bg5 dxc4 6. e4 c5 7. d5 b5 8. d6 Bb7
9. e5 Ne4 10. Nxe4 Bxe4 11. a4 a6 12. Bxe7 Qa5+ 13. Nd2 Bh6 14. Ra3 Nc6 15.
axb5 Qxd2+ 16. Qxd2 Bxd2+ 17. Kxd2 Nxe7 18. Bxc4 Bd5 19. Rc1 Bxc4 20. Rxc4 Nd5
21. Rxc5 Nb6 22. Rxa6 Rxa6 23. bxa6 Kd7 24. a7 Ra8 25. Rc7+ Ke6 26. Re7+ Kd5
27. f4 Nc8 28. Rxf7 Nxa7 29. Rxh7 g5 30. Rh3 Nc6 31. Rd3+ Nd4 32. d7 Ke4 33.
Rxd4+ Kxd4 34. e6 Rb8 35. e7 1-0

[Event "SUI-chT Riehen-Reichenstein"]
[Site "?"]
[Date "2009.09.05"]
[Round "6.5"]
[White "Buss, Ralph"]
[Black "Heimann, Andreas"]
[Result "0-1"]
[WhiteElo "2361"]
[BlackElo "2389"]
[PlyCount "126"]
[EventDate "2009.09.06"]
[SourceDate "2001.01.01"]

1. d4 Nf6 2. c4 g6 3. Nc3 Bg7 4. e4 d6 5. Be2 O-O 6. f4 c5 7. Nf3 cxd4 8. Nxd4
Nc6 9. Be3 Qa5 10. Nb3 Qd8 11. O-O Bd7 12. Rc1 Rc8 13. c5 Be6 14. cxd6 exd6 15.
f5 Bxb3 16. Qxb3 Qe7 17. fxg6 hxg6 18. Bg5 Nd4 19. Qd1 Qe5 20. Bf4 Nxe2+ 21.
Qxe2 Qe6 22. Qd3 Rfe8 23. Rce1 Ng4 24. h3 Ne5 25. Bxe5 Qxe5 26. Kh1 Re6 27. Re2
Qa5 28. Ref2 Bxc3 29. bxc3 Rc7 30. c4 Qe5 31. Rf4 Ree7 32. Rf6 Re6 33. R6f4 b6
34. Qf3 Ree7 35. Qd3 Qe6 36. Rf6 Qxe4 37. Qxd6 Red7 38. Qf4 Qxf4 39. R6xf4 Rd2
40. R1f2 Rxf2 41. Rxf2 Rxc4 42. Rb2 Ra4 43. Kh2 Ra3 44. h4 f5 45. Rf2 Kg7 46.
h5 gxh5 47. Rxf5 Rxa2 48. Rxh5 Rb2 49. Rd5 a5 50. Rd7+ Kf6 51. Ra7 Rb4 52. Kh3
a4 53. g4 b5 54. Kh4 Rb1 55. g5+ Kf5 56. Rf7+ Ke6 57. Ra7 Kd5 58. g6 Rg1 59.
Kh5 Kc4 60. g7 b4 61. Rf7 Kb3 62. Rf3+ Ka2 63. Rf2+ Ka3 0-1

[Event "SUI-chT Reichenstein-Riehen"]
[Site "?"]
[Date "2009.09.05"]
[Round "6.6"]
[White "Drabke, Lorenz"]
[Black "Aumann, Welf"]
[Result "0-1"]
[WhiteElo "2432"]
[BlackElo "2328"]
[PlyCount "77"]
[EventDate "2009.09.06"]
[SourceDate "2001.01.01"]

1. e4 e6 2. d3 d5 3. Nd2 c5 4. Ngf3 Nc6 5. g3 g6 6. Bg2 Bg7 7. O-O Nge7 8. Re1
h6 9. h4 O-O 10. e5 Qc7 11. Qe2 Bd7 12. Nb3 b6 13. Bf4 a5 14. c3 a4 15. Nbd2 a3
16. b3 b5 17. Nf1 d4 18. c4 bxc4 19. dxc4 Nb4 20. Qd2 Kh7 21. Nxd4 Rad8 22. Qc3
Be8 23. Re4 Qb6 24. Nf3 Bc6 25. N3d2 Bxe4 26. Bxe4 f5 27. exf6 Bxf6 28. Be5
Bxe5 29. Qxe5 Qd6 30. Nf3 Qxe5 31. Nxe5 Rd4 32. f3 Kg7 33. Kg2 Rfd8 34. Kf2 Rd1
35. Rxd1 Rxd1 36. Ne3 Rd2+ 37. Ke1 Rxa2 38. Nd3 Nxd3+ 39. Bxd3 0-1

[Event "SUI-chT Riehen-Reichenstein"]
[Site "?"]
[Date "2009.09.05"]
[Round "6.7"]
[White "Kaenel, Hansjuerg"]
[Black "Maier, Christian"]
[Result "1/2-1/2"]
[WhiteElo "2328"]
[BlackElo "2366"]
[PlyCount "143"]
[EventDate "2009.09.06"]
[SourceDate "2001.01.01"]

1. Nf3 d6 2. d4 Bg4 3. e3 Nf6 4. b4 Nbd7 5. Bb2 e5 6. Be2 e4 7. Nfd2 Bxe2 8.
Qxe2 d5 9. b5 Bd6 10. c4 c6 11. a4 O-O 12. O-O Re8 13. Nc3 Rc8 14. Rfc1 dxc4
15. Nxc4 Bb8 16. Ba3 c5 17. Rd1 Qc7 18. g3 Rcd8 19. Rac1 cxd4 20. exd4 Nf8 21.
b6 Qd7 22. bxa7 Bxa7 23. Nd6 Re6 24. Ndb5 Bb8 25. d5 Re5 26. d6 Qh3 27. Qf1 Qh5
28. Rc2 Ne6 29. Bc1 Rf5 30. Re2 Nc5 31. Be3 Ng4 32. h3 Nxe3 33. Rxe3 Re5 34.
Rd4 f5 35. Nd5 Qf7 36. Qd1 Ne6 37. Rd2 Ng5 38. f4 Nf3+ 39. Rxf3 Rxd5 40. Rxd5
exf3 41. Qxf3 Qf6 42. Rd1 Qf7 43. Qc3 h5 44. h4 Kh7 45. Qd3 Rd7 46. Rd2 Qf6 47.
Kg2 g6 48. Qc4 Kg7 49. Kh3 Qf8 50. Rd5 Qf6 51. Rd1 Qf8 52. a5 Qf6 53. Re1 Rd8
54. Qd5 Kh6 55. Qxb7 Bxd6 56. Nxd6 Qxd6 57. Re7 Rh8 58. a6 Qd1 59. a7 Qf1+ 60.
Qg2 Qa6 61. Qe2 Qa1 62. Kh2 Rc8 63. Rb7 Rc3 64. Qb2 Qe1 65. Qg2 Ra3 66. Rb8
Rxa7 67. Rh8+ Rh7 68. Qb2 Qe4 69. Rb8 Qe7 70. Rb6 Qd8 71. Qf6 Qxf6 72. Rxf6
1/2-1/2

[Event "SUI-chT Reichenstein-Riehen"]
[Site "?"]
[Date "2009.09.05"]
[Round "6.8"]
[White "Weindl, Alfred"]
[Black "Werner, Clemens"]
[Result "1-0"]
[WhiteElo "2344"]
[BlackElo "2321"]
[PlyCount "87"]
[EventDate "2009.09.06"]
[SourceDate "2001.01.01"]

1. Nf3 g6 2. e4 c5 3. d3 Bg7 4. g3 b6 5. Bg2 Bb7 6. O-O Nc6 7. Nc3 e6 8. Re1 d6
9. Bg5 Qd7 10. Qd2 Nd4 11. a4 a6 12. h4 Nf6 13. Nxd4 cxd4 14. Ne2 e5 15. c3
dxc3 16. bxc3 Bc6 17. Reb1 Rb8 18. c4 O-O 19. Nc3 Rb7 20. Ra2 Rfb8 21. Rab2 Qe8
22. Bh3 Nd7 23. Bxd7 Qxd7 24. Be3 f5 25. f3 f4 26. Bxb6 fxg3 27. Kg2 Bf6 28.
Kxg3 Qe7 29. Qh6 g5 30. a5 Kh8 31. Kh2 Rg8 32. Rg1 Rbb8 33. Rbg2 Rg6 34. Qh5
Rbg8 35. Be3 Qf7 36. hxg5 Bd8 37. Nd5 Bxd5 38. cxd5 Bxa5 39. Ra2 Bd8 40. Rxa6
Bxg5 41. Rxg5 Qf8 42. Rxg6 Rxg6 43. Ra7 Qg8 44. Qh3 1-0

[Event "SUI-chT Wollishofen-Geneve"]
[Site "Wollishofen"]
[Date "2009.09.05"]
[Round "6.1"]
[White "Carron, Julien"]
[Black "Fargere, Francois"]
[Result "1/2-1/2"]
[WhiteElo "2411"]
[BlackElo "2444"]
[PlyCount "82"]
[EventDate "2009.09.05"]
[SourceDate "2001.01.01"]

1. d4 d5 2. Nf3 Nf6 3. c4 c6 4. Qc2 dxc4 5. Qxc4 Bf5 6. Nc3 e6 7. g3 Nbd7 8.
Bg2 Be7 9. O-O O-O 10. Bf4 Qb6 11. Nh4 Bc2 12. Na4 Bxa4 13. Qxa4 Nd5 14. Bxd5
exd5 15. Nf5 Rfe8 16. Qc2 Bf8 17. Rad1 Qa6 18. Ne3 Re4 19. f3 Re6 20. Qd3 Qb6
21. Rd2 Rae8 22. a3 Nc5 23. Qc3 Na4 24. Qc2 Qa6 25. Kf2 Nb6 26. Re1 g6 27. Rd3
Bg7 28. h4 Qa4 29. Qxa4 Nxa4 30. b3 Nb6 31. Nc2 Bf8 32. Re3 Rxe3 33. Bxe3 Bd6
34. a4 Nd7 35. Rh1 Nf6 36. g4 h5 37. Bg5 Be7 38. gxh5 Nxh5 39. Bxe7 Rxe7 40. e3
f5 41. Rg1 Kg7 1/2-1/2

[Event "SUI-chT Geneve-Wollishofen"]
[Site "Wollishofen"]
[Date "2009.09.05"]
[Round "6.2"]
[White "Miralles, Gilles"]
[Black "Prusikin, Michael"]
[Result "1/2-1/2"]
[WhiteElo "2465"]
[BlackElo "2552"]
[PlyCount "65"]
[EventDate "2009.09.05"]
[SourceDate "2001.01.01"]

1. d4 d5 2. c4 e6 3. Nc3 Be7 4. Nf3 Nf6 5. Bg5 h6 6. Bh4 O-O 7. e3 b6 8. Bd3
dxc4 9. Bxc4 Bb7 10. O-O a6 11. Qe2 b5 12. Bb3 Nbd7 13. Rfd1 c5 14. dxc5 Qe8
15. a3 Nxc5 16. Ba2 Nfe4 17. Nxe4 Nxe4 18. Bg3 Nxg3 19. hxg3 Rd8 20. Nd4 Bf6
21. Rac1 Qe7 22. b4 Bxd4 23. exd4 Bd5 24. Bxd5 Rxd5 25. Rc6 Qb7 26. Qc2 Rfd8
27. Rc7 Qb8 28. Rd3 g6 29. Rf3 R5d7 30. Rc6 Rd6 31. Rc7 R6d7 32. Rc6 Rd6 33.
Rc7 1/2-1/2

[Event "SUI-chT Wollishofen-Geneve"]
[Site "Wollishofen"]
[Date "2009.09.05"]
[Round "6.3"]
[White "Moor, Olivier"]
[Black "Landenbergue, Claude"]
[Result "1/2-1/2"]
[WhiteElo "2368"]
[BlackElo "2394"]
[PlyCount "90"]
[EventDate "2009.09.05"]
[SourceDate "2001.01.01"]

1. d4 Nf6 2. c4 e6 3. Nf3 b6 4. g3 Bb7 5. Bg2 Be7 6. O-O O-O 7. Re1 Na6 8. Ne5
d5 9. Nc3 c5 10. dxc5 Nxc5 11. cxd5 exd5 12. Bf4 Re8 13. Rc1 a6 14. Na4 Ne6 15.
Be3 b5 16. Nc3 Qd6 17. Nf3 Rad8 18. Bd4 Ne4 19. e3 Bf8 20. Ne2 Rc8 21. Rxc8
Rxc8 22. Be5 Qb4 23. Qb1 N6c5 24. Rc1 Qa4 25. Bd4 Ne6 26. Rxc8 Bxc8 27. Nc3
Nxc3 28. Bxc3 b4 29. b3 Qe8 30. Bb2 a5 31. Qd1 Qb5 32. Ne5 Bb7 33. Qd3 Qxd3 34.
Nxd3 Bd6 35. f4 Kf8 36. Kf2 f6 37. Ke1 Nc5 38. Nxc5 Bxc5 39. Kd2 Ke7 40. h4 Kd6
41. g4 Bc8 42. Bf3 Be6 43. g5 fxg5 44. Be5+ Kc6 45. hxg5 g6 1/2-1/2

[Event "SUI-chT Geneve-Wollishofen"]
[Site "Wollishofen"]
[Date "2009.09.05"]
[Round "6.4"]
[White "Kovacevic, Vladimir"]
[Black "Moor, Roger"]
[Result "0-1"]
[WhiteElo "2218"]
[BlackElo "2337"]
[PlyCount "30"]
[EventDate "2009.09.05"]
[SourceDate "2001.01.01"]

1. d4 Nf6 2. c4 g6 3. Nc3 d5 4. Bg5 Bg7 5. e3 c5 6. cxd5 Nxd5 7. Bb5+ Nc6 8.
Nge2 Nxc3 9. bxc3 Qd5 10. Bh4 cxd4 11. Bxc6+ bxc6 12. O-O dxc3 13. Qa4 Qb5 14.
Qa3 g5 15. Nxc3 Qa6 0-1

[Event "SUI-chT Wollishofen-Geneve"]
[Site "Wollishofen"]
[Date "2009.09.05"]
[Round "6.5"]
[White "Hindermann, Felix"]
[Black "Gerber, Richard"]
[Result "1/2-1/2"]
[WhiteElo "2328"]
[BlackElo "2357"]
[PlyCount "44"]
[EventDate "2009.09.05"]
[SourceDate "2001.01.01"]

1. e4 c5 2. c3 d6 3. d4 Nf6 4. Bd3 g6 5. Nf3 Bg7 6. O-O O-O 7. Re1 Bg4 8. dxc5
dxc5 9. h3 Bd7 10. Na3 Bc6 11. Bg5 Nbd7 12. Qe2 h6 13. Bf4 a6 14. Bh2 Ne8 15.
Nc4 b5 16. Nce5 Nxe5 17. Nxe5 Bb7 18. Rad1 Qc8 19. Qg4 Qxg4 20. hxg4 Nf6 21.
Bc2 Rfd8 22. f3 g5 1/2-1/2

[Event "SUI-chT Bodan-Mendrisio"]
[Site "?"]
[Date "2009.09.05"]
[Round "6.2"]
[White "Zeller, Frank"]
[Black "Godena, Michele"]
[Result "1-0"]
[WhiteElo "2455"]
[BlackElo "2548"]
[PlyCount "59"]
[EventDate "2007.09.05"]
[SourceDate "2001.01.01"]

1. e4 e5 2. f4 exf4 3. Nf3 d5 4. exd5 Nf6 5. c4 c6 6. d4 Bb4+ 7. Nc3 cxd5 8.
Bxf4 O-O 9. Be2 dxc4 10. Bxc4 Nd5 11. Bd2 Nb6 12. Bd3 Nc6 13. O-O Bg4 14. Be3
h6 15. Bc2 Bh5 16. Bb3 Na5 17. Qd3 Nxb3 18. axb3 Re8 19. Qb5 Bxf3 20. Rxf3 Be7
21. d5 Bf6 22. Rd1 Qd6 23. Bc5 Qd8 24. d6 Nd7 25. Nd5 Be5 26. Ne7+ Kh8 27. Rxf7
Nxc5 28. Qxc5 Qb6 29. Qxb6 axb6 30. d7 1-0

[Event "SUI-chT Mendrisio-Bodan"]
[Site "?"]
[Date "2009.09.05"]
[Round "6.3"]
[White "Bellini, Fabio"]
[Black "Knoedler, Dieter"]
[Result "1/2-1/2"]
[WhiteElo "2480"]
[BlackElo "2359"]
[PlyCount "97"]
[EventDate "2007.09.05"]
[SourceDate "2001.01.01"]

1. e4 e6 2. d4 d5 3. Nc3 Bb4 4. exd5 exd5 5. Bd3 Nf6 6. Bg5 O-O 7. Nge2 h6 8.
Bh4 c6 9. h3 Nbd7 10. a3 Bd6 11. Qd2 b5 12. O-O Qc7 13. Rfe1 Bb7 14. b4 a5 15.
Bg3 axb4 16. axb4 Rfe8 17. Rab1 Nb6 18. Bxd6 Qxd6 19. Ng3 Rxe1+ 20. Qxe1 Bc8
21. Nce2 Bd7 22. c3 g6 23. Ra1 Rxa1 24. Qxa1 Kg7 25. Bc2 Nc4 26. Qc1 Qb8 27.
Nf4 Qa7 28. Qe1 Be8 29. Bd3 Qc7 30. Qc1 Bd7 31. Bxc4 bxc4 32. Qe3 Qd6 33. f3
Ne8 34. Nge2 Nc7 35. g4 Nb5 36. Kf2 Kf8 37. h4 Qf6 38. Kg3 Qd6 39. Kg2 Qe7 40.
Qxe7+ Kxe7 41. Kg3 Bc8 42. Ng2 g5 43. f4 f6 44. hxg5 hxg5 45. Ne3 gxf4+ 46.
Kxf4 Be6 47. Nd1 Bf7 48. Nf2 Bg6 49. Ke3 1/2-1/2